Stopnie w Wojsku Polskim (Wojsko Lądowe) - Statystyki

Ogólne statystyki
  • Ten quiz został rozwiązany 5 702 razy
  • Średni wynik to 18 z 22
Statystyki odpowiedzi
Obrazkowy Odpowiedź % Poprawnych
Szeregowy
99%
Starszy Szeregowy
97%
Kapral
93%
Starszy Kapral
90%
Plutonowy
86%
Sierżant
86%
Starszy Sierżant
86%
Chorąży
82%
Starszy Chorąży
82%
Młodszy Chorąży
79%
Kapitan
78%
Major
78%
Podporucznik
78%
Porucznik
78%
Starszy Chorąży Sztabowy
77%
Podpułkownik
75%
Generał
74%
Pułkownik
74%
Generał Brygady
72%
Generał Broni
71%
Generał Dywizji
71%
Marszałek Polski
57%
Nie znaleziono quizów pasujących do podanych kryteriów
Rozkład punktacji
Procent ludzi z każdym wynikiem
Percentyl według liczby udzielonych odpowiedzi
Twoja historia wyników
Nie rozwiązałeś tego quizu